Enfoque a las Normas Internacionales de Contabilidad en Colombia NIIFs

Bibliographic Details
Main Author: Uribe Medina, Luis Ral︢
Format: eBook
Language:Spanish
Published: Bogot ̀: Editorial Nueva Legislacin̤, 2011
Subjects:
Online Access:Acceso restringido

MARC

LEADER 00000nam a22000007a 4500
005 2012091802592.0
007 cr|||| ||||
008 120918s2011 co |||||s|||| 00||0 spa d
020 |a 978-958-8371-71-9 
035 |a 6702 
040 |a vLex 
090 |c 3439  |d 3439 
100 1 |a Uribe Medina, Luis Ral︢ 
245 1 0 |a Enfoque a las Normas Internacionales de Contabilidad en Colombia NIIFs  |h [Recurso electrn̤ico] /  |c Luis Ral︢ Uribe Medina  
256 |a Servicio en ln̕ea 
260 |a Bogot ̀:  |b Editorial Nueva Legislacin̤,  |c 2011 
300 |a 1 recurso electrn̤ico 
506 1 |a Contenido solo disponible en los productos indicados  |d vLex Global   |d vLex Global (Academic Edition, excluding Law Schools)   |d vLex Global (U.S. Academic Edition, Law Schools)   |d vLex Global (U.S. Academic Edition, excluding Law Schools)   |d vLex Global (Academic Edition, Law Schools)  
650 0 4 |a Contabilidad  |z Colombia 
740 0 |a vLex Libros (Servicio en ln̕ea) 
856 4 0 |u http://vlex.com/source/enfoque-normas-internacionales-contabilidad-colombia-niifs-6702  |z Acceso restringido 
942 |c BOOK 
999 0 |a Acounting